000 01005cam a2200265 a 4500
001 000019058
005 20200929165919.0
008 980708r19901945cu b 000 0 spa d
035 _a(DLC) 98167902
035 _a(OCoLC)26192689
040 _aDO-SdBNP
_bspa
_cNYP
_dSMI
_dPL#
_dDLC
_dBNPHU
082 _a972.91
_bP592
100 1 _aPichardo Moya, Felipe,
_d1892-1957.
_941006
245 1 0 _aCaverna, costa y meseta :
_binterpretaciones de arqueología indocubana /
_cFelipe Pichardo Moya ; edición Ernesto Chávez Álvarez.
260 _aLa Habana :
_bCiencias Sociales,
_c1990.
300 _axvi, 152 p. ;
_c18 cm.
490 1 _aArqueología
504 _aIncluye referencias bibliográficas: (p. 147-152).
586 _aV centenario del descubrimiento mutuo.
650 0 _aIndians of the west indies
_zCuba
_xAntiquities.
_941007
651 0 _aCuba
_xAntiquities.
_941008
700 1 _aChávez Álvarez, Ernesto,
_eed.
_95573
830 0 _aArqueología.
_941009
910 _aCatalogación derivada / LC
999 _c18576
_d18576